[Event "1st Grandiscacchi Cattolica 2022"]
[Site "Cattolica"]
[Date "2022.03.03"]
[Round "1.9"]
[White "Piangerelli, Michele"]
[Black "Lodici, Lorenzo"]
[Result "0-1"]
[WhiteElo "2151"]
[BlackElo "2537"]
[Annotator "TA"]
[PlyCount "84"]
[EventDate "2022.03.03"]
[EventType "swiss"]
[EventCountry "ITA"]
[SourceTitle "playchess.com"]
[Source "ChessBase"]
[SourceQuality "1"]

{[%evp 11,84,-6,-21,-21,-27,-31,32,16,24,25,24,22,41,52,45,-31,-31,-26,27,35,45,0,0,0,0,0,0,-9,-9,0,-9,-9,0,0,-10,-6,-6,-9,-6,-8,0,-461,-454,-443,-445,-443,-437,-458,-447,-732,-727,-623,-585,-619,-610,-686,-650,-742,-722,-747,-744,-1486,-1243,-1100,-1142,-962,-962,-996,-835,-1647,-1602,-1133,-1086,-1571,-729]} 1. e4 c5 2. Nf3 a6 3. d4 cxd4 4. Nxd4 Nf6 5. Nc3 e5 6. Nf3 Bb4 7. Bg5 {B28: Sicilian: 2 Nf3 a6 (O'Kelly Variation).} Bxc3+ 8. bxc3 Qa5 (8... d6 $15) 9. Bxf6 $14 {White is slightly better.} Qxc3+ 10. Nd2 gxf6 11. Bc4 d6 12. Rb1 $1 {[%mdl 1024] [#] White has compensation.} Nc6 $146 ({Predecessor:} 12... Nd7 13. Rb3 Qa5 14. Rd3 Qc7 15. Qf3 Nc5 16. Re3 Qe7 17. O-O Be6 18. Rd1 O-O {0-1 (41) Seefluth,H-Michalski,O (2295) Baden 1996}) 13. Qh5 (13. Rb3 $14 Qa5 14. O-O) 13... Rf8 $15 {...Nd4 is the strong threat.} 14. Qh6 Nd4 (14... b5 $142 15. Bd5 Be6) 15. O-O $11 Ke7 16. Rb6 (16. Bd5 $1 $14) 16... Rb8 17. Rxd6 Be6 18. Rb6 {[%cal Of1b1]} Rg8 {[%cal Oc3d2] And now ...Qxd2! would win. Active counter play!} 19. Bxe6 {[#]} Qxd2 $1 {[%mdl 64] Remove Defender, Decoy. Chess con chili.} 20. Qxd2 {Threatening mate with Qb4+.} ({Not} 20. Rxb7+ $2 Rxb7 21. Qxd2 Nf3+ 22. Kh1 Nxd2 $19) 20... Nf3+ $1 {[%cal Bd4f3,Bf3d2,Bd2e4,Be4d6,Bd6f5][%mdl 32]} 21. Kh1 {Intending Qd7+ and mate.} Nxd2 22. Rd1 Rgd8 23. Bf5 $132 {[%mdl 2048] [#] White puts up resistance} Nxe4 $1 {[%cal Rd8d1]} 24. Rxd8 Rxd8 {[%cal Rd8d1]} 25. Rxb7+ {[%mdl 4096] Endgame KRB-KRN} Ke8 {[%cal Rd8d1]} 26. h4 $2 {[%mdl 8192] Black converts the advantage convincingly.} (26. g4 $11 {and White stays safe.} Nxf2+ 27. Kg2) 26... Nd6 $19 {Black is clearly winning.} 27. Rb6 Nxf5 28. Rxf6 Nxh4 29. Rxa6 {KRN-KR} Rd2 30. Rc6 (30. g3 $142 Nf5 31. g4) 30... Rxf2 {aiming for ...e4.} 31. a4 Rf1+ 32. Kh2 Ra1 33. Rc5 Rxa4 34. Rxe5+ Kf8 35. Rc5 Kg7 {Hoping for ...Kg6.} 36. Rc7 Kg6 37. Kg3 Nf5+ 38. Kf3 h5 39. c4 Ra3+ 40. Kf2 Ra2+ 41. Kf3 Nh4+ 42. Kg3 Nxg2 {Weighted Error Value: White=0.69/Black=0.17 (very precise)} 0-1

[Event "1st Grandiscacchi Cattolica 2022"]
[Site "Cattolica"]
[Date "2022.03.03"]
[Round "1.10"]
[White "Nesterov, Arseniy"]
[Black "Harish, Neeraj"]
[Result "1-0"]
[WhiteElo "2522"]
[BlackElo "2091"]
[Annotator "TA"]
[PlyCount "67"]
[EventDate "2022.03.03"]
[EventType "swiss"]
[EventCountry "ITA"]
[SourceTitle "playchess.com"]
[Source "ChessBase"]
[SourceQuality "1"]

{[%evp 15,67,5,18,20,27,-2,4,0,42,24,27,29,40,11,16,0,38,29,28,10,62,53,65,50,356,317,340,164,184,163,522,323,318,223,212,189,218,206,266,266,266,250,331,331,331,331,331,331,409,409,409,409,400,400]} 1. d4 Nf6 2. c4 g6 3. Nc3 d5 4. cxd5 Nxd5 5. e4 Nxc3 6. bxc3 Bg7 7. Qa4+ Nd7 8. Nf3 O-O 9. Be2 {D85: Exchange Grünfeld: Unusual White 7th moves and lines with 7 Nf3.} Nb6 10. Qa5 {10.Qb4 is becoming the main line.} Bd7 {[#]} 11. O-O $146 {The position is equal.} ({Predecessor:} 11. Rb1 Bc6 12. e5 Be4 13. Rb2 c5 14. O-O cxd4 15. cxd4 Bxf3 16. Bxf3 Qxd4 17. Bxb7 {0-1 (42) Karpov,A (2626)-Li,C (2739) Germany 2017}) 11... Bc6 (11... Na4 $1 $11) 12. e5 Qd5 13. Qb4 Qd7 14. Bg5 f6 15. exf6 Bxf6 {[#] ...Bxf3 is the strong threat.} 16. Bh6 Rf7 {[%cal Og6g5]} 17. Rad1 Qg4 ({Better is} 17... g5 $11) 18. h3 $14 Qh5 19. Bc1 {White is more active.} Bh4 $2 {[%mdl 8192] This move loses the game for Black.} ({Black should play} 19... Qf5 $14) 20. d5 $18 Nxd5 21. Qxh4 (21. Qc4 $142) 21... Nxc3 {[%cal Rc6f3]} 22. Bc4 {[%csl LRe7,LRf7]} Bxf3 $2 (22... Qxh4 23. Nxh4 (23. Bxf7+ Kxf7 24. Nxh4 Nxd1 $18) 23... Nxd1) 23. Qxh5 Bxh5 24. g4 Nxd1 25. Rxd1 {[#] Strongly threatening Bh6.} Bxg4 26. hxg4 {aiming for Bh6.} Kf8 27. Bxf7 Kxf7 {[%mdl 4096] Endgame KRB-KR} 28. Rd7 Ke6 29. Rxc7 Rd8 30. Be3 {To avoid Rd4} Rd1+ 31. Kg2 Ra1 32. Rxb7 {White is winning.} Rxa2 33. Rxa7 Rc2 34. Bg5 {Weighted Error Value: White=0.26 (precise) /Black=0.53} 1-0

[Event "1st Grandiscacchi Cattolica 2022"]
[Site "Cattolica"]
[Date "2022.03.03"]
[Round "2.1"]
[White "Narayanan.S.L"]
[Black "Akshat, Khamparia"]
[Result "1-0"]
[WhiteElo "2658"]
[BlackElo "2390"]
[Annotator "TA"]
[PlyCount "51"]
[EventDate "2022.03.03"]
[EventType "swiss"]
[EventCountry "ITA"]
[SourceTitle "playchess.com"]
[Source "ChessBase"]
[SourceQuality "1"]

{[%evp 10,51,36,20,47,34,46,45,53,14,39,24,73,56,66,79,221,189,217,207,216,206,201,160,169,111,101,96,160,152,135,136,524,516,524,524,520,496,520,504,526,510,1012,987]} 1. d4 Nf6 2. c4 g6 3. Nc3 Bg7 4. e4 d6 5. h3 O-O 6. Be3 Nc6 {E71: King's Indian: 4 e4 d6 5 h3.} 7. d5 Ne5 8. f4 Ned7 {White is slightly better.} 9. Nge2 $5 {[%mdl 4] Exploring less charted territory.} c6 {[#]} 10. Ng3 $146 ({Predecessor:} 10. Qd2 cxd5 11. cxd5 a6 12. g4 Qc7 13. Ng3 Nc5 14. Rc1 b6 15. Be2 Bd7 16. b4 Nb7 17. g5 Ne8 18. Na4 Qd8 19. Nxb6 {1-0 (19) Lukacovic,M (1978)-Ulehla,J (1616) Slovakia 2016}) 10... h5 (10... a6 $11 {was preferrable.}) 11. Bd3 $16 cxd5 12. cxd5 e6 (12... b5 $16 {might work better.}) 13. dxe6 $18 fxe6 14. O-O Bh6 15. Qd2 e5 16. Bc4+ Kh7 17. Qxd6 (17. Nge2 $18) 17... Ne8 $16 {[#]} 18. Qd2 {And now f5 would win. White is much more active.} exf4 ({Better is} 18... Qc7) 19. Bxf4 Rxf4 20. Rxf4 Qc7 $2 {[%mdl 8192]} (20... Bxf4 $16 {is more resistant.} 21. Qxf4 Qf6) 21. Rf7+ $18 {White is clearly winning.} Ng7 22. Qd5 Qb6+ 23. Kh2 ({Less strong is} 23. Rf2 Nf6 24. Qb5 (24. Qf7 Be3 $16) 24... Qxb5 25. Bxb5 (25. Nxb5 Be3 $16) 25... Be3 $16) 23... Nc5 24. Qd4 {[#] Strongly threatening Nd5.} Be6 25. Bxe6 Qxe6 (25... Ncxe6 $142 26. Qxb6 axb6) 26. Raf1 {Weighted Error Value: White=0.10 (very precise) /Black=0.62} 1-0

[Event "1st Grandiscacchi Cattolica 2022"]
[Site "Cattolica"]
[Date "2022.03.03"]
[Round "2.2"]
[White "Reuker, Jari"]
[Black "Nisipeanu, Liviu-Dieter"]
[Result "0-1"]
[WhiteElo "2425"]
[BlackElo "2652"]
[Annotator "TA"]
[PlyCount "90"]
[EventDate "2022.03.03"]
[EventType "swiss"]
[EventCountry "ITA"]
[SourceTitle "playchess.com"]
[Source "ChessBase"]
[SourceQuality "1"]

{[%evp 9,90,0,-2,-7,-8,-56,-34,-29,0,0,0,0,0,0,0,0,0,0,0,0,6,0,0,0,0,0,47,47,47,53,66,47,50,60,53,35,34,29,32,6,6,0,0,0,0,-8,2,-8,2,2,9,-31,-30,-59,-58,-273,-273,-356,-289,-622,-605,-576,-564,-863,-830,-864,-847,-764,-729,-968,-968,-961,-957,-819,-551,-551,-550,-543,-533,-961,-961,-29983,-29984]} 1. e4 c6 2. Nf3 d5 3. d3 dxe4 4. dxe4 Qxd1+ 5. Kxd1 Nf6 6. Nbd2 {B10: Caro-Kann: 2 d3 and 2 c4.} Nbd7 {[#]} 7. Nd4 $146 (7. Bd3 $11) ({Predecessor:} 7. Bc4 e6 8. Ne1 h5 9. Nd3 h4 10. h3 a5 11. a4 Nc5 12. Nxc5 Bxc5 13. Ke2 {½-½ (49) Martinez Alcantara,J (2620)-Donchenko,A (2652) Chess.com INT 2021}) 7... a5 8. a4 {Black is slightly better.} Nc5 9. f3 $1 e5 10. N4b3 Nxb3 11. Nxb3 Be6 {To avoid Bc4} 12. Nd2 O-O-O 13. Ke1 {[%cal Bd1e1,Be1f1,Bf1e2][%mdl 32]} Kc7 14. c3 b6 15. Bc4 Rxd2 16. Bxe6 Rxg2 17. Kf1 Rc2 (17... Rxb2 $1 $11 18. Bxb2 fxe6) 18. Bb3 $14 Rxc1+ 19. Rxc1 Bc5 20. Rd1 Rf8 21. Ke2 Nh5 22. Bc2 Nf4+ 23. Kd2 h5 24. h4 f6 {[%cal Bf7f6,Bf6g5][%mdl 32]} 25. Rh2 g5 26. hxg5 fxg5 27. Bb3 {To avoid Rf7} Rh8 28. Kc2 Rh7 29. Bc4 Rg7 30. Rhd2 g4 {aiming for ...g3.} 31. fxg4 hxg4 32. Rd8 $2 {[#] Loses the game.} (32. Ba6 $1 $15 b5 33. b4 (33. axb5 g3 $15) 33... axb4 34. axb5) 32... Ng2 $1 $19 33. Ra8 {Black must now prevent Ra7+.} Ne3+ 34. Kb3 $2 (34. Kc1 b5 35. Rdd8 Nxc4 36. Rdc8+ Kd7 37. axb5) 34... b5 $1 35. Be2 Nxd1 36. Bxd1 {[%mdl 4096] Endgame KRB-KRB} g3 {[#] ( -> ...g2)} 37. Bf3 g2 38. Bxg2 Rxg2 39. axb5 cxb5 {Hoping for ...a4+.} 40. Rxa5 {KRB-KR} Kb6 41. Ra8 Re2 42. Rb8+ Ka6 43. Rc8 Bb6 44. c4 bxc4+ 45. Kxc4 Rc2+ {Weighted Error Value: White=0.64/Black=0.12 (very precise)} 0-1

[Event "1st Grandiscacchi Cattolica 2022"]
[Site "Cattolica"]
[Date "2022.03.03"]
[Round "2.3"]
[White "Praggnanandhaa R"]
[Black "Wachinger, Nikolas"]
[Result "1-0"]
[WhiteElo "2612"]
[BlackElo "2398"]
[Annotator "TA"]
[PlyCount "79"]
[EventDate "2022.03.03"]
[EventType "swiss"]
[EventCountry "ITA"]
[SourceTitle "playchess.com"]
[Source "ChessBase"]
[SourceQuality "1"]

{[%evp 15,79,19,26,16,24,17,22,22,34,0,10,0,0,0,0,0,0,0,0,0,0,0,0,0,0,0,0,7,12,15,23,23,15,18,22,10,12,12,21,12,10,9,1,7,52,15,167,167,168,167,170,165,183,183,183,183,183,181,186,181,183,188,330,319,29978,29979]} 1. e4 c5 2. Nf3 d6 3. d4 cxd4 4. Nxd4 Nf6 5. Nc3 a6 6. g3 e5 7. Nde2 Be7 8. Bg2 b5 9. Nd5 {B91: Sicilian Najdorf: 6 g3.} Nbd7 10. Nec3 Nxd5 11. Nxd5 {The position is equal.} Nf6 {[#]} 12. Nxf6+ $146 ({Predecessor:} 12. Nxe7 Kxe7 13. O-O Qc7 14. Qd3 Rd8 15. b3 h6 16. a4 b4 17. Bd2 a5 18. Rfc1 {½-½ (33) Djukic,N (2506)-Stankovic,M (2421) Sutomore 2021}) 12... Bxf6 13. a4 bxa4 14. Rxa4 a5 15. O-O O-O 16. Qd3 Bd7 17. Ra2 Qb8 18. b3 a4 19. Be3 axb3 20. Rxa8 Qxa8 21. cxb3 Qa3 22. Rb1 Rb8 23. Bf1 {[%cal Ob3b4]} Be7 24. Qc2 Rc8 {Inhibits Qc7.} 25. Qd2 Bc6 26. Rc1 {Hoping for Bh3.} Bb7 27. Rxc8+ Bxc8 28. Qc3 $1 Be6 29. Bc4 Qa2 (29... Bh3 $11) 30. Bxe6 Qb1+ $2 {This move loses the game for Black.} (30... fxe6 $11 31. Qc4 Kf8) 31. Kg2 $18 fxe6 32. Qc4 Kf7 33. h4 $1 h6 34. b4 {Strongly threatening b5.} d5 35. exd5 Qxb4 36. dxe6+ Kf6 37. Qc8 {And now Qg8 would win.} Qe4+ 38. Kh2 {Qg8 would kill now.} Qg4 {[#]} (38... Qh7 $142 39. g4 g5) 39. Qg8 $1 {[%csl Ge6][%cal Rg8f7]} Qg6 {Prevents Qf7+.} (39... Qxe6 $2 {[#]} 40. Bg5+ $1 {[%mdl 512]} hxg5 41. hxg5+ Kxg5 42. Qxe6 $18) (39... Qh5 $18 40. Kg2 Qg6) 40. g4 {Weighted Error Value: White=0.03 (flawless) /Black=0.33} 1-0

[Event "1st Grandiscacchi Cattolica 2022"]
[Site "Cattolica"]
[Date "2022.03.03"]
[Round "2.5"]
[White "Basso, Pier Luigi"]
[Black "Kamalidenova, Meruert"]
[Result "1-0"]
[WhiteElo "2600"]
[BlackElo "2362"]
[Annotator "TA"]
[PlyCount "155"]
[EventDate "2022.03.03"]
[EventType "swiss"]
[EventCountry "ITA"]
[SourceTitle "playchess.com"]
[Source "ChessBase"]
[SourceQuality "1"]

{[%evp 22,155,4,17,8,0,45,43,40,27,21,0,0,0,0,-16,-6,-25,-14,-13,-21,-22,35,32,45,46,48,30,22,14,45,46,54,35,35,29,29,14,25,0,40,9,44,33,88,84,86,77,106,102,119,88,103,75,57,65,118,82,145,151,247,176,168,198,241,249,250,257,390,354,343,289,367,215,310,306,302,283,343,343,347,312,535,518,575,564,738,736,722,708,1078,1029,975,902,822,1112,1117,1086,1065,1060,5907,828,783,672,672,664,1297,1335,2533,2082,5907,5877,5340,5206,4974,4914,4068,1565,2584,2619,29980,4926,2073,1779,1735,1307,1124,854,1562,1520,1419,1092,1535,1479,4622,2816]} 1. d4 Nf6 2. c4 e6 3. Nf3 b6 4. g3 Ba6 5. b3 Bb4+ 6. Bd2 Be7 7. Nc3 O-O 8. e4 d5 9. cxd5 Bxf1 10. Kxf1 exd5 11. e5 Ne4 12. Kg2 c5 {E15: Queen's Indian: 4 g3 sidelines, 4 g3 Ba6 and 4 g3 Bb7 early deviations.} 13. Qe2 Nxd2 (13... Nxc3 $11 14. Bxc3 Nc6) 14. Qxd2 $14 Nc6 {White is slightly better.} 15. Rhe1 Rc8 {[#]} 16. dxc5 $146 ({Predecessor:} 16. Rad1 cxd4 17. Nxd4 Bb4 18. a3 Bxc3 19. Qxc3 Nxe5 20. Qb2 Qf6 21. Qe2 Nc6 22. Nxc6 Qxc6 {½-½ (30) Sienkiewicz,W (2161)-Mayer,J (2204) ICCF email 2011}) 16... d4 17. Ne2 {[%cal Re2d4]} bxc5 18. Qd1 Nb4 {With the idea ...d3.} 19. Nf4 Nd5 20. Nxd5 Qxd5 21. Rc1 f6 ({Black should play} 21... a5 $11) 22. exf6 Bxf6 23. Qd3 Kh8 24. Qe4 Qd7 25. h4 Rce8 26. Qd3 Rc8 27. Rc2 a5 28. Rc4 Qd5 29. Qe4 Qd7 30. Qd3 Qd5 31. Kg1 Rc6 32. Re2 Bd8 (32... Kg8 $14) 33. Ne5 $16 Rcf6 34. f4 Rf5 {[%cal Od8h4]} 35. Qe4 Qd6 {[%cal Od8h4]} 36. Qc6 (36. Kg2 {with more complications.} Bb6 37. Rc1 g6 38. Nd3 Kg7 39. Qe6) 36... Be7 {[%cal Of5e5]} 37. Qxd6 {White is much more active.} Bxd6 38. Nd3 $36 {[%mdl 2048] White fights for an advantage.} h6 {Black is on the road to losing.} ({Better is} 38... g6 $14) 39. Kg2 R8f6 {Prevents Re6.} ({Black should try} 39... Kg8) 40. Ra4 g5 (40... Kh7 $16 41. Re4 (41. Rxa5 c4 $11) 41... Bc7) 41. Rxa5 gxf4 42. gxf4 Bxf4 (42... Rf8 $142 43. Re4 Bxf4 44. Rxc5 (44. Rxf4 Rxf4 45. Nxf4 Rxf4 $16) 44... R5f6) 43. Rxc5 $18 Rxc5 44. Nxc5 {[%mdl 4096] Endgame KRB-KRN} Be3 (44... Bc1 $142 45. a4 Ba3) 45. Nd3 Kg7 46. Rc2 Kg6 47. Rc5 (47. b4 $142) 47... Kf7 (47... Bd2 {was called for.} 48. a4 Rb6) 48. b4 Bf4 49. Rd5 Bb8 50. a4 ({Less strong is} 50. Rxd4 Ra6 51. Kf3 Rxa2 $16) 50... Rg6+ 51. Kf3 Rg3+ $2 (51... Ke6 {keeps fighting.} 52. Rxd4 Rg3+ 53. Ke2 Rg2+ 54. Ke3 Rg3+ 55. Kd2 Ba7) 52. Ke4 Rg4+ 53. Kf5 Rxh4 54. Rd7+ Ke8 55. Rb7 Bh2 56. a5 Rh3 57. Ke4 Bg1 58. Rg7 Re3+ 59. Kd5 Bh2 60. Kxd4 Re7 61. Rg6 (61. Rxe7+ $142 Kxe7 62. Kd5) 61... h5 62. Rh6 Bg1+ 63. Kc4 {[#] Threatens to win with Nc5.} Re4+ 64. Kb5 h4 65. a6 {And now Nc5 would win.} Ba7 66. Nc5 Rf4 67. Rh7 Rf7 68. Rh8+ Ke7 69. Kc6 Kf6 70. Rxh4 {White threatens Rf4+ and mate.} Ke5 {Inhibits Rf4.} 71. Re4+ (71. Nd3+ $142 Ke6 72. Re4+ Kf6 73. Rf4+ Kg6 74. Ne5+ Kg5 75. Rxf7 Bb8 {[#]} 76. Rb7 $1) 71... Kf5 {White is clearly winning.} 72. Re2 {White wants to mate with Rf2+.} Rf6+ 73. Kb5 {Intending Rf2+ and mate.} Rb6+ 74. Kc4 Rc6 75. Kd5 Rc7 76. Rf2+ Kg6 77. Rf8 {Rd8 is the strong threat.} Kh6 78. Rd8 {Weighted Error Value: White=0.14 (very precise) /Black=0.34} 1-0

[Event "1st Grandiscacchi Cattolica 2022"]
[Site "Cattolica"]
[Date "2022.03.03"]
[Round "2.6"]
[White "Barp, Alberto"]
[Black "Jobava, Baadur"]
[Result "0-1"]
[WhiteElo "2388"]
[BlackElo "2588"]
[Annotator "TA"]
[PlyCount "86"]
[EventDate "2022.03.03"]
[EventType "swiss"]
[EventCountry "ITA"]
[SourceTitle "playchess.com"]
[Source "ChessBase"]
[SourceQuality "1"]

{[%evp 9,86,27,32,16,22,16,30,13,13,19,13,10,12,7,70,62,63,37,83,66,108,62,58,57,51,54,58,58,59,57,129,77,135,81,72,0,21,-14,-6,-82,-78,-150,-145,-140,-138,-177,-187,-189,-110,-113,-113,-113,-112,-113,-113,-284,-279,-328,-330,-327,-313,-312,-320,-313,-306,-389,-398,-444,-464,-451,-436,-436,-444,-534,-496,-421,-405,-454,-395]} 1. d4 d5 2. c4 c6 3. cxd5 cxd5 4. Bf4 Nc6 5. e3 f6 6. Nc3 {aiming for Qh5+. D10: Slav Defence: 3 cxd5 (without early Nf3) and 3 Nc3.} e5 7. Bg3 {[#]} h5 $146 {And now ...h4 would win.} ({Predecessor:} 7... exd4 8. exd4 Bb4 9. a3 Qe7+ 10. Be2 Bxc3+ 11. bxc3 Bg4 12. Ra2 Kf7 13. h3 Bh5 {0-1 (35) Kenneskog,T (2303)-Antipov,M (2588) Stockholm 2017}) 8. h4 {Black should prevent dxe5. White has an edge.} exd4 9. exd4 Bd6 10. Bxd6 Qxd6 11. Be2 Nge7 (11... g6 $11) 12. Bxh5+ $14 Kf8 13. Be2 Bf5 {[#]} (13... Qb4 $14) 14. Qd2 $1 $16 Re8 (14... Be4 $14 {deserves consideration.} 15. Bf3 Nf5) 15. h5 (15. g4 $16) 15... Be4 $14 16. Nxe4 dxe4 17. O-O-O $1 Nd5 18. Rh3 {To avoid e3} Nf4 19. Rb3 b6 {[#]} (19... Nxe2+ $14 20. Nxe2 Rxh5) 20. Kb1 ({White should try} 20. g4 $1) 20... Rd8 (20... Nxe2 $142 21. Qxe2 (21. Nxe2 Rxh5 22. Re3 Rg5 $14) 21... Nb4) 21. d5 (21. g4 $142) 21... Ne7 $16 22. Qb4 ({White should play} 22. g4 $16) 22... f5 23. Qxd6 (23. Qa4 {keeps more tension.} Rh6 24. Qxa7 Nexd5 25. Rb5 Qc6 26. Rc1) 23... Rxd6 24. g3 (24. Ra3 $11) 24... Nxh5 $17 25. Rc3 (25. Ra3 $142) 25... Nf6 (25... Rxd5 $2 26. Rxd5 Nxd5 27. Rc8+ Kf7 28. Rxh8 $18) 26. Rc7 a5 (26... Nexd5 27. Rc8+ Ne8 28. Nf3 $15) ({Not} 26... Nfxd5 27. Rxa7 Rh1 28. Rb7 $15) 27. Bc4 Rh1 ({And not} 27... Nfxd5 28. Ne2 $17) 28. Rc1 Nfxd5 (28... Nexd5 $19 29. Rb7 Rc6) 29. Rb7 Kf7 {Active counter play!} 30. Ne2 Rxc1+ 31. Kxc1 Kf6 32. Nf4 $2 {White does not recover from this.} (32. Kd2 $17) 32... Nxf4 $19 ({Avoid the trap} 32... Rc6 $2 33. b3 $19) 33. gxf4 {[%mdl 4096] Endgame KRB-KRN} Rc6 34. b3 Nd5 35. Kd2 Nxf4 36. Rf7+ Kg6 37. Re7 Rd6+ 38. Ke3 {[#]} b5 $1 39. Kxf4 {Black must now prevent Re6+.} bxc4 40. bxc4 Kf6 41. Ra7 g5+ 42. Ke3 Rd3+ 43. Ke2 Ra3 {Weighted Error Value: White=0.27 (precise) /Black=0.13 (very precise)} 0-1

[Event "1st Grandiscacchi Cattolica 2022"]
[Site "Cattolica"]
[Date "2022.03.03"]
[Round "2.7"]
[White "Moroni, Luca Jr"]
[Black "Begmuratov, Khumoyun"]
[Result "1-0"]
[WhiteElo "2588"]
[BlackElo "2358"]
[Annotator "TA"]
[PlyCount "155"]
[EventDate "2022.03.03"]
[EventType "swiss"]
[EventCountry "ITA"]
[SourceTitle "playchess.com"]
[Source "ChessBase"]
[SourceQuality "1"]

{[%evp 20,155,23,18,33,36,37,27,29,24,30,22,14,2,0,0,0,-14,14,8,4,14,16,24,24,24,18,0,21,27,115,15,47,46,47,47,54,49,70,70,122,122,301,284,294,274,300,314,343,322,400,400,400,400,400,400,400,400,393,393,364,393,597,578,610,605,675,649,578,502,704,647,751,733,779,745,848,843,1177,1127,2369,939,5748,5748,5089,3713,29976,29977,29977,29978,29978,29975,29977,29976,29976,29974,29974,29975,29975,29973,29973,29973,29973,29974,29974,29975,29975,29976,29975,29973,29973,29974,29974,29973,29976,29977,29977,29978,29978,29978,29978,29979,29979,29980,29980,29981,29981,29982,29983,29983,29985,29986,29985,29985,29993,29994,29996,29997]} 1. c4 Nf6 2. Nc3 g6 3. g3 Bg7 4. Bg2 O-O 5. d4 d6 6. Nf3 Nc6 7. O-O e5 8. dxe5 Nxe5 9. b3 Re8 10. Bb2 Nxf3+ 11. Bxf3 Rb8 {E67: King's Indian: Fianchetto: 6...Nbd7.} 12. Qd2 Bf5 13. Rad1 {[#]} a6 $146 {White has an edge.} ({Predecessor:} 13... Qe7 14. Nd5 Nxd5 15. Bxg7 Ne3 16. Qc3 Nxf1 17. Rxf1 h5 18. h4 Kh7 19. Bf6 Qd7 {0-1 (38) Arencibia,J (2409)-Solak,D (2515) ICC INT 2002}) 14. a4 Be4 15. Nxe4 Nxe4 16. Qc2 {[#] Hoping for Bxg7.} Bxb2 17. Qxb2 Qe7 18. e3 Qf6 19. Qxf6 Nxf6 20. b4 Re5 21. a5 Ne4 22. Rd4 f5 23. Bg2 Kg7 24. Ra1 c6 {[#]} (24... Re7 $11 {remains equal.}) 25. b5 ({White should try} 25. Rad1 $1 $16) 25... axb5 26. cxb5 Rxb5 27. Bxe4 fxe4 28. Rxd6 $11 {[%mdl 4096] Endgame KRR-KRR} Ra8 29. Rd7+ Kg8 ({Better is} 29... Kf6 $1 $14) 30. Ra4 $16 Re5 {This move loses the game for Black.} (30... Re8 $16) 31. Rb4 $18 (31. Rxb7 Raxa5 32. Rxa5 Rxa5 $16) 31... Rd5 32. Rc7 ({Don't play} 32. Rdxb7 $6 Rdxa5 33. Rxe4 R5a7 34. Rxa7 Rxa7 35. Re8+ Kf7 $18) ({Not} 32. Rbxb7 Rxd7 33. Rxd7 Rxa5 $16) 32... Rdxa5 33. Rbxb7 ({Weaker is} 33. Rcxb7 Ra4 $16) 33... Rh5 34. Rxc6 Rf8 35. Rcc7 {To avoid Rf7} Re8 36. Rg7+ Kh8 37. Rge7 Rxe7 38. Rxe7 {KR-KR} Rb5 39. Rxe4 Rb1+ 40. Kg2 {Strongly threatening g4.} Rb7 (40... Kg8 {was worth a try.} 41. Re7 h5) 41. g4 Kg7 42. Kg3 Kf6 43. Rf4+ Ke6 44. Ra4 Kf6 45. Ra6+ Kg7 46. h4 Re7 47. Ra5 Rd7 48. h5 Re7 49. hxg6 hxg6 50. Ra6 (50. Kh4 $142 Rb7 51. Kg5) 50... g5 51. Ra3 Kg6 52. f4 gxf4+ 53. exf4 {White mates.} Rb7 54. Ra6+ Kg7 55. g5 Rb5 56. Kg4 Rb4 57. Ra7+ Kg6 58. Re7 Ra4 59. Re6+ Kf7 60. Rf6+ Kg7 61. Rd6 Rb4 62. Kf3 Rb3+ 63. Ke4 Rb1 64. Ke5 Rb5+ 65. Rd5 Rb1 66. Ra5 Rc1 67. f5 Re1+ 68. Kf4 Rf1+ 69. Ke4 Re1+ 70. Kf3 Rf1+ 71. Kg2 Rb1 72. Ra7+ Kf8 73. Kg3 Rg1+ 74. Kf4 Kg8 75. f6 Rf1+ 76. Kg4 Rh1 77. Kf5 Rb1 78. Ra8+ {Weighted Error Value: White=0.09 (flawless) /Black=0.35} 1-0